| 000 | 01374cam a22003855i 4500 | ||
|---|---|---|---|
| 999 |
_c28329 _d28300 |
||
| 001 | 17957509 | ||
| 003 | EG-ScBUE | ||
| 005 | 20200311101640.0 | ||
| 008 | 131129t2014 caua f 001 0 eng d | ||
| 020 | _a9780321956552 (paperback) | ||
| 020 | _a0321956559 (paperback) | ||
| 035 | _a(OCoLC)ocn861320589 | ||
| 040 |
_aUKMGB _beng _erda _cUKMGB _dEYM _dYDXCP _dCUD _dOCLCO _dBTCTA _dBDX _dCDX _dOCLCF _dIBI _dUPM _dDLC _dEG-ScBUE |
||
| 082 | 0 | 4 |
_a006.693 _bCAP _222 |
| 100 | 1 |
_aCaplin, Steve, _eauthor. |
|
| 245 | 1 | 0 |
_a3D Photoshop / _cSteve Caplin. |
| 246 | 3 | 4 |
_a3D Photoshop : _bimagine, model, create |
| 264 | 1 |
_a[San Francisco, California] : _bAdobe Press : _bPeachpit, a division of Pearson Education, _c[2014] |
|
| 264 | 4 | _cc2014 | |
| 300 |
_avi, 250 pages : _bcolor illustrations ; _c23 cm |
||
| 336 |
_atext _2rdacontent _btxt |
||
| 336 |
_astill image _2rdacontent _btxt |
||
| 337 |
_aunmediated _2rdamedia _bn |
||
| 338 |
_avolume _2rdacarrier _bnc |
||
| 500 | _aIncludes index. | ||
| 630 | 0 | 7 |
_aAdobe Photoshop. _2BUEsh |
| 650 | 7 |
_aPhotography _xDigital techniques. _2BUEsh |
|
| 650 | 7 |
_aThree-dimensional display systems. _2BUEsh |
|
| 653 |
_bCOMSCI _cMarch2020 |
||
| 655 |
_vReading book _934232 |
||
| 906 |
_a7 _bcbc _ccopycat _d2 _encip _f20 _gy-gencatlg |
||
| 942 |
_2ddc _cBB |
||